Регионална библиотека "Любен Каравелов" - Русе

Die Zauberflote (Запис номер 296879)

MARC детайли
000 -Лидер
Контролно поле с фиксирана дължина 01211ncm a2200349 c 4500
003 - Код на организацията, давaща контролен номер
Контролно поле BLK
005 - Дата и час на последна редакция
Контролно поле 20241005005452.0
008 - Елементи от данни с фиксирана дължина
fixed length control field 180414b bul |a|er|||| |0| c|bulo|
010 ## - Наследен системен номер
LC control number NOT00000229000
040 ## - Източник на каталожния запис
Идентификатор на билиотеката - собственик на записа BLK
041 ## - Код за език
Код за езика на текст/звукозапис или на отделно заглавие Немски
Код за езика КДБФ Немски
080 ## - УДК
Текстов определител УДК Комични опери. Опера-буфа
УДК код - определител по УДК 782.7
УДК определител
УДК - код + определител 782.7
100 ## - Редна дума - Автор
Автор Моцарт, Волфганг Амадеус
Дати, свързани с автора 1756 - 1791
R(LIN) 368558
139 ## - Редно поле
Редна дума Моцарт, Волфганг Амадеус
Авторски знак Мот - М 93
245 10 - Сведения за заглавието
Заглавие Die Zauberflote
Подзаглавни данни Опера в 2 д.
Редно поле (дума) Волфганг Амадеус Моцарт; * Wolfgang Amadeus Mozart; hrsg. von Meinhard von Zallinger.
254 ## - Сведения за формата на нотното издание
Формат на описваните ноти Клавир
257 ## - Страна на издаване
Страна на създаване/издаване Австрия
260 ## - Област на издателските данни
-- Leipzig
Име на издателя, разпространителя и проч. Peters 4697
Година на издаване S. a.
300 ## - Физическа характеристика
Страници 188 с.
Размери/Мащаб 28 см
380 ## - Жанр
Жанр Изкуство
500 ## - Общи забележки
Забележка Текст на нем. ез.
650 #4 - Допълнително описание по предмет – тема
Основно описание – тема или топоним Опери
9 (RLIN) 165041
653 ## - Ключова дума – ненормативна
Ключова дума Опера
700 ## - Други автори (авторска отговорност)
Лично име Mozart, Wolfgang Amadeus
Дати, свързани с автора 1756 - 1791
9 (RLIN) 386874
700 1# - Други автори (авторска отговорност)
Лично име Zallinger, Meinhard von
Автороска отговорност (Описва отношението между автора и произведението) hrsg. von
9 (RLIN) 28622
852 ## - Местоположение
Форматна сигнатура Цб М ІІ 2769
Част 0
856 4# - Електронен адрес и достъп
Електронен формат pdf - файл
Път до файла /url/
856 4# - Електронен адрес и достъп
Електронен формат pdf - файл
Път до файла /url/
942 ## - АРТИКУЛИ
Вид на библиотечния материал Нотни издания
Скрит в OPAC Не
944 ## - СЪЗДАВАНЕ И РЕДАКЦИЯ на ЗАПИСА
Създаване/Редакция Създаване
Дата на регистрацията/редакция 06.11.2003
Служител, извършил регистрацията/редакцията
Статус, дата на статуса CRON CRON
944 ## - СЪЗДАВАНЕ И РЕДАКЦИЯ на ЗАПИСА
Създаване/Редакция Редакция
Дата на регистрацията/редакция 21.09.2017
Служител, извършил регистрацията/редакцията Ирена_Линкова
999 ## - СИСТЕМНИ КОНТРОЛНИ НОМЕРА
Koha biblionumber 296879
Koha biblioitemnumber 296879
Наличности
Код за отписване Код за изгубен артикул Източник на класификационната схема Код за повреда Коз за рестрикции Код за отдаване Артикулен № Име на библиотеката - собственик Име на библиотеката, в която се намира в момента Статус (Текущо местоположение) Дата на вписване в системата Местоположение - отдел Цена в лева Инвентарен номер Систематично азбучна сигнатура Баркод Номер на екземпляра Цена в евро Служебна бележка Служебен тип на артикула
  Не е изгубен Universal Decimal Classification Не е повреден без рестрикции ползва се в читалня 647282 Регионална библиотека "Любен Каравелов" Русе Регионална библиотека "Любен Каравелов" Русе Основен фонд - ползва се само за читалня 1964-01-01 Хранилище 1.39 3385/64 Цб М II 2769 900000104424 1 0.71 Вид: Ф N: стар фонд Дата: 01.01.1964 Нотни издания
  Не е изгубен Universal Decimal Classification Не е повреден само за читалня ползва се в читалня 647283 Регионална библиотека "Любен Каравелов" Русе Регионална библиотека "Любен Каравелов" Русе Хранилище 1964-01-01 Основен фонд - ползва се само за читалня 2.59 8674/60 Цб М II 2769 900000019003 2 1.32 Вид: Ф N: стар фонд Дата: 01.01.1964 Нотни издания
Изтеглен Не е изгубен Universal Decimal Classification Не е повреден без рестрикции заемане за дома 647284 Регионална библиотека "Любен Каравелов" Русе Регионална библиотека "Любен Каравелов" Русе Отдел Изкуство - подръчен фонд 1978-01-01 Отдел Изкуство - подръчен фонд 0.01 388056 МП II 2769 388056 3 0.01 Вид: Ф N: стар фонд Дата: 01.01.1978 Нотни издания
Vip Innovations Ltd, Rousse, Bulgaria 2025